Stochastic models for fractional calculus

Αποθηκεύτηκε σε:
Λεπτομέρειες βιβλιογραφικής εγγραφής
Κύριος συγγραφέας: Meerschaert, Mark M. 1955-
Άλλοι συγγραφείς: Sikorskii, Alla
Μορφή: Βιβλίο
Γλώσσα:English
Δημοσίευση: Berlin ; Boston : De Guyter, c2012
Σειρά:De Gruyter studies in mathematics ; ; 43
Θέματα:
Ετικέτες: Προσθήκη ετικέτας
Δεν υπάρχουν, Καταχωρήστε ετικέτα πρώτοι!

MARC

LEADER 00000nam a2200000 i 4500
001 1/30309
008 130527s2012 eng d
020 |a 978-3-11-025869-1 
035 |l 10114535 
040 |a GR-MY-UA  |b gre  |e aacr 
041 0 |a eng 
082 0 |a 515.83  |2 (22) 
100 1 |a Meerschaert, Mark M.  |d 1955- 
245 1 0 |a Stochastic models for fractional calculus /  |c Mark M. Meerschaert, Alla Sikorskii 
260 |a Berlin ; Boston :   |b De Guyter,   |c c2012 
300 |a x, 291 σ.;  |b εικ.;  |c 25 εκ. 
490 1 |a De Gruyter studies in mathematics  |v ; 43 
504 |a Βιβλιογραφία: σ.[279]-288. Ευρετήριο 
650 0 0 |a Fractional calculus. 
650 0 0 |a Diffusion processes. 
650 0 0 |a Stochastic analysis. 
700 1 |a Sikorskii, Alla. 
830 0 |a De Gruyter studies in mathematics ;  |v ; 43 
852 |a INST  |b SAMOS  |e 20130527  |h 515.83 MEE  |p 005300040105  |q 005300040105  |t BK  |y 0 
901 |a BIBL3-2013-2 
909 |a Σ  |b 178314 
922 |a 3ΕΛΗ  |b 201212  |c ΤΜΗΜΑ ΜΑΘΗΜΑΤΙΚΩΝ/ΜΕΤΑΠΤΥΧΙΑΚΟ  |d ΔΙΑΔΡΟΜΕΣ/ΔΡΕΣ 
970 |a ΚΟΣΙΕΡΗΣ  |b ΧΡΗΣΤΟΣ  |z 2013/05/27